1598 1661 1926 1499 1051 1487 1981 1072 1687 1067 1775 1724 1804 1838 1319 1041 1269 1790 1594 1700 1528 1529 1445 1914 1164 1823 1310 1326 1704 1103 1061 1941 1847 1525 1017 1084 1412 1053 1214 1990 1948 1317 1358 1372 1807 1086 1621 1199 1756 1908 1949 1319 1607 1217 1339 1200 1018 1545 1160 1440 1393 1836 1552 1481 1760 1081 1381 1068 1773 1809 1493 1400 1526 1890 1863 1654 1856 1269 1525 1716 1139 1993 1197 1508 1348 1083 1326 1353 1428 1539 1572 1546 1682 1835 1566 1491 1347 1225 1545 BCNSPRNW ULIB Ver.6.0+V

เปลี่ยนเป็นภาษาไทย

Change to English
 แสดงรายละเอียดบรรณานุกรม
  กลับหน้าหลัก

Brief Record : Get Marc (ISO 2709) : E-mail record : QR code < ปิดหน้าต่าง
LEADER : 00000nam 2200000uu 4500
001    13399128787
003     ULIB
008    240913s2564||||th 000 0 tha d
020    ^a9786162716669
060 04 ^aWB115^bพ172อ
100 0  ^aพรชัย สถิรปัญญา
245 10 ^aอายุรศาสตร์ผู้ป่วยนอก =^bOutpatient internal medicine /^cพรชัยสถิรปัญญา, บดินทร์ ขวัญนิมิตร
246 31 ^aOutpatient internal medicine
250    ^aพิมพ์ครั้งที่ 1
260    ^aสงขลา :^bสาขาวิชาอายุรศาสตร์ คณะแพทยศาสตร์มหาวิทยาลัยสงขลานครินทร์,^c2564
300    ^a248 หน้า :^bภาพประกอบ ;^c26 ซม.
504    ^aมีบรรณานุกรมและดัชนี
650  4 ^aผู้ป่วยนอก
650  4 ^aอายุรศาสตร์
700 0  ^aบดินทร์ ขวัญนิมิตร
710 2  ^aมหาวิทยาลัยสงขลานครินทร์.^bคณะแพทยศาสตร์.^bสาขาวิชาอายุรศาสตร์
945    ^p580^l0^i010780
945    ^p580^l0^i010781
945    ^p580^l0^i010782
999    ^aประนอม เกษจรัล
รายการนี้ยังไม่มีแท็ก
คุณยังไม่ได้ล็อกอิน คุณสามารถมีกิจกรรมร่วมกับเว็บไซต์ได้ แต่ต้องล็อกอินก่อน ::
  ล็อกอิน

รายการสื่อสารสนเทศ

ลำดับที่ ประเภท เลขเรียก/บาร์โค้ด สถานที่ สถานะ
1. วิทยาศาสตร์การแพทย์ และสุขภาพ
หนังสือสำรอง
สถานะ=หนังสือสำรอง
WB115 พ172อ ฉ.1 
  Barcode: 010780
ห้องสมุดวิทยาเขตสวรรค์ประชารักษ์
►หนังสือทั่วไป
บนชั้น
2. วิทยาศาสตร์การแพทย์ และสุขภาพ
วิทยาศาสตร์การแพทย์ และสุขภาพ
WB115 พ172อ ฉ.2 
  Barcode: 010781
ห้องสมุดวิทยาเขตสวรรค์ประชารักษ์
►หนังสือทั่วไป
บนชั้น
3. วิทยาศาสตร์การแพทย์ และสุขภาพ
วิทยาศาสตร์การแพทย์ และสุขภาพ
WB115 พ172อ ฉ.3 
  Barcode: 010782
ห้องสมุดวิทยาเขตสวรรค์ประชารักษ์
►หนังสือทั่วไป
บนชั้น

รายการใกล้เคียง
    ผู้แต่ง [พรชัย สถิรปัญญา]

    หัวเรื่อง [ผู้ป่วยนอก]
    หัวเรื่อง [อายุรศาสตร์]

BibComment


ยังไม่เคยถูกคอมเมนท์

คอมเมนท์ทรัพยากรรายการนี้
  คอมเมนท์: อายุรศาสตร์ผู้ป่..


 Copyright 2026. Bcnsprnw @Library